[Event "FRA-chT2S"]
[Site "France"]
[Date "2002.10.13"]
[Round "1.4"]
[White "Cesbron, Guy"]
[Black "Aout, Sebastien"]
[Result "0-1"]
[WhiteElo "2150"]
[BlackElo "2096"]
[PlyCount "56"]
[EventDate "2002.10.??"]
[EventType "team"]
[EventRounds "11"]
[EventCountry "FRA"]
[SourceTitle "EXT 2004"]
[Source "ChessBase"]
[SourceDate "2003.11.25"]
[SourceVersion "1"]
[SourceVersionDate "2003.11.25"]
[SourceQuality "1"]

1. e4 c5 2. Nf3 Nc6 3. Bb5 e6 4. 0-0 Nge7 5. b3 a6 6. Bxc6 Nxc6 7. Bb2 b5 8. d4 cxd4 9. Nxd4 Bb7 10. a4 b4 11. Nd2 Qc7 12. Rc1 Bd6 13. h3 0-0 14. Nc4 Bf4 15. Rb1 Ne5 16. Nxe5 Bxe5 17. Qd2 Bxe4 18. Qxb4 d5 19. Qd2 Rfc8 20. Rbe1 Bf4 21. Qe2 Qe7 22. c4 Qg5 23. f3 Bg6 24. Bc1 dxc4 25. bxc4 Bxc1 26. Rxc1 Qa5 27. c5 Qxa4 28. Rfd1 Rd8 0-1